UEFA Euro 2004 Final Portugal - Greece - Statistics

General Stats
  • This quiz has been taken 350 times
  • The average score is 14 of 29
Answer Stats
Players % Correct
Cristiano Ronaldo
98%
Luís Figo
89%
Deco
78%
Ricardo Carvalho
70%
Rui Costa
66%
Angelos Charisteas ¹
64%
Pauleta
63%
Maniche
58%
Antonios Nikopolidis
54%
Ricardo
54%
Traianos Dellas
49%
Nuno Gomes
47%
Kostas Katsouranis
45%
Theodoros Zagorakis
45%
Angelos Basinas
43%
Luiz Felipe Scolari
42%
Paulo Ferreira
42%
Costinha
41%
Giourkas Seitaridis
38%
Otto Rehhagel
36%
Stelios Giannakopoulos
34%
Miguel
31%
Zisis Vryzas
31%
Nuno Valente
30%
Michalis Kapsis
29%
Takis Fyssas
29%
Dimitris Papadopoulos
27%
Jorge Andrade
24%
Stylianos Venetidis
19%
No matching quizzes found
Score Distribution
Percent of People with Each Score
Percentile by Number Answered
Your Score History
You have not taken this quiz